Statistiche per Rosa Italia 2004

Clicka qui per fare il quiz!

Statistiche generali

  • Questo quiz è stato fatto 26 volte
  • Il punteggio medio è 14 su 23

Statistiche sulle risposte

RuoloClub dell'epocaCalciatore% Corretto
PortiereJuventusGianluigi Buffon
100%
MilanAlessandro Nesta
96%
RomaFrancesco Totti
96%
InterFabio Cannavaro
92%
AttaccanteJuventusAlessandro Del Piero
88%
InterChristian Vieri
84%
InterFrancesco Toldo
84%
JuventusGianluca Zambrotta
84%
InterMarco Materazzi
80%
MilanAndre Pirlo
76%
MilanGennaro Gattuso
72%
LazioAngelo Peruzzi
64%
RomaAntonio Cassano
64%
JuventusMauro Germán Camoranesi
64%
ChievoSimone Perrotta
56%
DifensoreRomaChristian Panucci
48%
LazioMassimo Oddo
44%
CentrocampistaInterCristiano Zanetti
32%
JuventusMarco Di Vaio
32%
LazioStefano Fiore
24%
LazioGiuseppe Favalli
20%
LazioBernardo Corradi
12%
ParmaMatteo Ferrari
4%

Distribuzione punteggi

Percentile per numero di risposta

Percentuale di utenti per punteggio

I tuoi punteggi nel tempo

Non hai fatto questo quiz